| 000 | 01276nam a2200301 a 4500 | ||
|---|---|---|---|
| 999 |
_c918 _d918 |
||
| 001 | 1182381 | ||
| 005 | 20170601110224.0 | ||
| 008 | 970912s1998 nyuabf b 001 0beng | ||
| 010 | _a 97038255 | ||
| 020 | _a0312212097 (alk. paper) | ||
| 040 |
_aDLC _cDLC _dDLC |
||
| 043 | _af-rh--- | ||
| 050 | 0 | 0 |
_aDT2975.G53 _bM44 1998 |
| 082 | 0 | 0 |
_a968.91/02/092 _aB _221 |
| 100 | 1 |
_aMegahey, Alan J. _931874 |
|
| 245 | 1 | 0 |
_aHumphrey Gibbs, beleaguered Governor : _bSouthern Rhodesia, 1929-69 / _cAlan Megahey ; introduction by R.G. Mugabe ; foreword by Robert Blake. |
| 260 |
_aNew York : _bSt. Martin's Press, _c1998. |
||
| 300 |
_axxii, 241 p., [8] p. of plates : _bill., map ; _c23 cm. |
||
| 504 | _aIncludes bibliographical references (p. 222-234) and index. | ||
| 600 | 1 | 0 |
_aGibbs, Humphrey, _cSir, _d1902-1990. _931875 |
| 650 | 0 |
_aGovernors _zZimbabwe _xBiography. _931876 |
|
| 651 | 0 |
_aZimbabwe _xHistory _y1890-1965. _918573 |
|
| 651 | 0 |
_aZimbabwe _xHistory _y1965-1980. _96298 |
|
| 906 |
_a7 _bcbc _corignew _d1 _eocip _f19 _gy-gencatlg |
||
| 942 |
_2lcc _cMONOGRAPH |
||